Targum de Salmos / (Record no. 56363)

MARC details
000 -LEADER
campo de control de longitud fija 00958nam a2200253 i 4500
001 - NÚMERO DE CONTROL
campo de control 56363
003 - IDENTIFICADOR DE NÚMERO DE CONTROL
campo de control ES-MaACL
005 - FECHA Y HORA DE LA ÚLTIMA TRANSACCIÓN
campo de control 20260301183118.0
007 - CAMPO FIJO DE DESCRIPCIÓN FÍSICA--INFORMACIÓN GENERAL
campo de control de longitud fija t|
008 - DATOS DE LONGITUD FIJA--INFORMACIÓN GENERAL
campo de control de longitud fija 031008s1982 sp ||||1| spa d
130 0# - ENTRADA PRINCIPAL--TÍTULO UNIFORME
Título uniforme Biblia.
Nombre de parte o sección de la obra A.T.
-- Salmos.
Lenguaje de la obra Arameo.
9 (RLIN) 160106
245 10 - MENCIÓN DEL TÍTULO
Título Targum de Salmos /
Mención de responsabilidad, etc. Jesús Díez Merino.
250 ## - MENCION DE EDICION
Mención de edición edición príncipe del Ms. Villa-Amil nº5 de Alfonso.
260 ## - PUBLICACIÓN, DISTRIBUCIÓN, ETC.
Lugar de publicación, distribución, etc. Madrid :
Nombre del editor, distribuidor, etc. Instituto Francisco Suárez,
Fecha de publicación, distribución, etc. 1982.
300 ## - DESCRIPCIÓN FÍSICA
Extensión 476 p. ;
Dimensiones 24 cm.
490 1# - MENCIÓN DE SERIE
Mención de serie Bibliotheca Hispana Bíblica ;
Designación de volumen o secuencia 6
490 1# - MENCIÓN DE SERIE
Mención de serie Biblia Políglota Complutense. Tradición sefardía de la Biblia Aramea IV ;
Designación de volumen o secuencia 1
700 0# - ENTRADA AGREGADA--NOMBRE PERSONAL
Nombre de persona Díez Merino, Jesús.
9 (RLIN) 44752
700 1# - ENTRADA AGREGADA--NOMBRE PERSONAL
Nombre de persona Alfonso de Zamora,
Fechas asociadas al nombre 1474?-1531?
9 (RLIN) 160107
830 0# - PUNTO DE ACCESO ADICIONAL DE SERIE-TÍTULO UNIFORME
Título uniforme Bibliotheca Hispana Bíblica ;
Designación de volumen o secuencia 6
9 (RLIN) 230383
830 0# - PUNTO DE ACCESO ADICIONAL DE SERIE-TÍTULO UNIFORME
Título uniforme Biblia Políglota Complutense. Tradición sefardía de la Biblia Aramea IV ;
Designación de volumen o secuencia 1
9 (RLIN) 230384
852 ## - LOCALIZACIÓN
Ubicación ES-MaACL
Número de control de estantería L-5881
Holdings
Estatus retirado Estado de pérdida Estado de daño No para préstamo Biblioteca de origen Biblioteca actual Ubicación en estantería Fecha de adquisición Fuente de adquisición Total de préstamos Signatura topográfica completa Código de barras Visto por última vez Precio de reemplazo Tipo de ítem Koha
        Biblioteca del Ateneo de Madrid Biblioteca del Ateneo de Madrid Depósito 2 17/01/2008     L-5881 1059201 23/02/2023 23/02/2023 Libro impreso